| 000 | 00989nam0a2200253 i 4500 | ||
|---|---|---|---|
| 001 | RU\NLR\BIBL_A\010436715 | ||
| 005 | 20241105175935.0 | ||
| 035 | _a(NLR Aleph) 010436715 | ||
| 090 |
_a9874771 _c9874771 |
||
| 100 | _a20140805d2014 u y0rusy50 ca | ||
| 101 | 0 | _arus | |
| 102 | _aRU | ||
| 105 | _aa ||z||||||y | ||
| 200 | 1 |
_aНанайский район _e75 лет, 1934-2009 _f[ред.-сост.: Е. Туранцева] |
|
| 210 |
_aХабаровск _cПриамурские ведомости _d[2014] |
||
| 215 |
_a19 с. _cцв. ил. _d29 |
||
| 607 |
_aНанайский район (Хабаровский край) _xИстория _92191092 _3RU\NLR\AUTH\6601552850 |
||
| 607 |
_aНанайский район (Хабаровский край) _xНародное хозяйство _92191096 _3RU\NLR\AUTH\6601552852 |
||
| 686 | 1 | _aТ3(2Р-4Х)7,02 | |
| 686 | 1 | _aУ03(2Р-4Х)7 | |
| 702 | 1 |
_aТуранцева _bЕ. _4220 |
|
| 942 | _cBOOK | ||
| 980 | _aNBR | ||